Multiple-Choice-Stadtquiz Neuss - Statistiken

Allgemein
  • Dieses Quiz wurde 692 mal gespielt
  • Das Durchschnittsergebnis liegt bei 6 aus 10
Antwortstatistiken
Frage Antwort % Korrekt
An welchem großen Fluss liegt Neuss? Rhein
96%
An welche dieser Großstädte grenzt Neuss? Düsseldorf
92%
In welchem Bundesland liegt Neuss? Nordrhein-Westfalen
92%
Welche römische Siedlung gilt als Ursprung der Stadt Neuss? Novaesium
67%
Welcher kleinere Fluss mündet in Neuss in diesen Fluss? Erft
59%
Wofür ist das Neusser Schützenfest besonders bekannt? Es ist das größte Schützenfest am Niederrhein
53%
Wie viele Einwohner hat Neuss ungefähr? 160.000
51%
Wie heißt die große Kirche im Zentrum von Neuss? Quirinus-Münster
36%
Wie heißt die Trabrennbahn in Neuss, die mittlerweile umgebaut wurde und für verschiedene Kulturveranstaltungen genutzt wird? RennbahnPark
32%
Klicke auf das Wappen von Neuss!
31%
Keine übereinstimmenden Quizze gefunden
Verteilung der Resultate
Anzahl Personen mit jedem Resultat
Perzentil nach korrekt beantworteten Fragen
Ihre Resultats-Entwicklung
Sie haben dieses Quiz noch nicht gespielt